000 00473nam a2200169Ia 4500
005 20250611121622.0
008 008 250505s9999 xx 000 0 eng d
020 _a9789390644681
040 _beng
_cILCL
041 _aeng
_2eng
084 _aZ2,8,51wM84 R5
100 _aSetalvad, Motilal C
245 0 _aMy Life: Law and other things
260 _aDelhi
_bLaw and Justice Publishing Company
_c2024
300 _axvii,636p.
942 _cTB
_2Colon Classification
999 _c1312036
_d1312036